Priateľ SSSR časopis funkcionárov SČSP
| New Title: | SSSR v boji za mier Přítel SSSR |
|---|---|
| Previous Title: | Zvesti Sväzu priateľov SSSR na Slovensku |
| Corporate Authors: | , , , , |
| Other Authors: | , , , , , , , |
| Format: | Journal |
| Language: | Slovak |
| PhysicalDescription: | roč. 43 x 32 cm |
| Published: |
Bratislava
Sväz československo-sovietskeho priateľstva
1/II 1951-10/VII 1956
Bratislava Vydavateľstvo Osveta, n. p., Martin Bratislava Slovenský výbor SČSP, Bratislava |
| Subjects: |
MARC
| LEADER | 00000nas a22000001a 4500 | ||
|---|---|---|---|
| 001 | vtls010302086 | ||
| 003 | SK-MaSNL | ||
| 005 | 20260228163032.0 | ||
| 008 | 110810d19511960xo sr p r 0 b0slo | ||
| 015 | |a SNBDS17XX9999 | ||
| 015 | |a 1236 |2 Balúnová 1945-60 | ||
| 038 | |a SNKBUDS | ||
| 040 | |a SNK |b slo |c SNK |e AACR2 | ||
| 041 | 0 | |a slo | |
| 044 | |a xo |c SK | ||
| 080 | |a 061.2 |2 2001 | ||
| 080 | |a 070 |2 2001 | ||
| 245 | 0 | 0 | |a Priateľ SSSR |b časopis funkcionárov SČSP |
| 260 | |a Bratislava |b Sväz československo-sovietskeho priateľstva |c 1/II 1951-10/VII 1956 | ||
| 260 | 2 | |3 11/VII 1956-52/VII 1956 |a Bratislava |b Vydavateľstvo Osveta, n. p., Martin | |
| 260 | 3 | |3 1/VIII 1960-12/XI 1960 |a Bratislava |b Slovenský výbor SČSP, Bratislava | |
| 300 | |a roč. |c 43 x 32 cm | ||
| 310 | |a 2x mesačne |b 1/VIII 1957-12/XI 1960 | ||
| 321 | |a 1x týždenne |b 1/VII 1956-52/VII 1956 | ||
| 321 | |a 1x za dva týždenne |b 1/III 1952- 24/VI 1955 | ||
| 321 | |a 1x mesačne |b 1/II 1951-12/II 1951 | ||
| 362 | 0 | |a Roč. II, č. 1 (jan. 1951)-roč. XI, č. 12 (1960) | |
| 500 | |a Zmena podnázvu: od 1/VII (11. jan. 1956) Orgán Slovenského výboru Sväzu československo-sovietskeho priateľstva, od 1/VIII (febr. 1957) Časopis pre funkcionárov SČSP | ||
| 500 | |a Vych. v Bratislave mesačne, od 1/III (jan. 1952) dvojtýždenne, od 1/VII (11. jan. 1956) týždenne, od 1/VIII (febr. 1957) 2x mesačne vo formáte 43 x 32 cm, od 1/VIII (1958) 21 x 15 cm | ||
| 500 | |a Zodp. zást. Samo Falťan, od 19/III (1. okt. 1952) Július Hozák, od 1/V (15. jan. 1954) Michal Bošanský, od 7/V (20. apr. 1954) Ernest Caban, od 1/VI (6. jan. 1945) sa neuvádza, od 1/IX (jan. 1958) Matúš Kapec, od 11/XI (jún 1960) Jozef Hrčka. Red. red. kruh, od 1/V (15. jan. 1954) vedie Michal Bošanský, od 9/V (18. máj 1954) Ernest Caban, od 2/VII (18. jan. 1956) Andrej Putra, od 1/VIII (febr. 1957) Matúš Kapec, od 1/IX (jan. 1958) Emil Kypus | ||
| 500 | |a Vyd. Sväz československo-sovietskeho priateľstva, od 11/VII (23. marca 1956) Vydavateľstvo Osveta, n. p., Martin, od 1/VIII (febr. 1957) Slovenský výbor SČSP, Bratislava | ||
| 500 | |a Tlač. Pravda, n. p., záv. Žilina, od 2/VI (jan. 1955) Knižné závody, n. p., Bratislava, od 13/VI (júl 1955) Polygrafické závody, n. p., závod 2, Bratislava | ||
| 500 | |a Vych. od jan. 1951. Pov. PIO č. 25681/50-II/3. Admin. Osveta, n. p., závod Bratislava | ||
| 500 | |a Od r. 1955 mal prílohu Kultúrne večery československo-sovietskeho priateľstva, ktorá predtým vychádzala ako samostatný časopis - vyšli 2 čísla | ||
| 505 | 8 | 0 | |g Roč. II. 1951 12 č. po 32-48 s. |
| 505 | 8 | 0 | |g Roč. III. 1952 24 č. po 24 s. |
| 505 | 8 | 0 | |g Roč. IV. 1953 24 č. 608 s. |
| 505 | 8 | 0 | |g Roč. V. 1954 24 + 1 č. 624 s. |
| 505 | 8 | 0 | |g Roč. VI. 1955 24 + 1 č. 848 s. |
| 505 | 8 | 0 | |g Roč. VII. 1956 52 č. po 6 s. |
| 505 | 8 | 0 | |g Roč. VIII. 1957 21 č. 472 s. |
| 505 | 8 | 0 | |g Roč. IX. 1958 24 č. 1066 s. |
| 505 | 8 | 0 | |g Roč. X. 1959 24 č. 620 s. |
| 505 | 8 | 0 | |g Roč. XI. 1960 12 č. 272 s. |
| 525 | |a Príl. k č. 16/1954: Pokyny pre odbočky Sväzu československo-sovietskeho priateľstva k príprave a prevedeniu Mesiaca československo-sovietskeho priateľstva 1954, 16 s. Príl. k č. 19/1957 z príležitosti smrti A. Zápotockého: 1884 AZ 1957, 8 s. | ||
| 525 | |a Maď. príl. k č. 24/1959: A Csehszlovák-Szovjet Baráti Szövetség 1959 dec. 12. és 13-án megtartott II. szlovákiai kongresszusa 24 s. | ||
| 580 | |a Vych. ako pokračovanie časopisu Zvesti Sväzu priateľov SSSR na Slovensku. Od č. 13/1960 zlúčený s českým časopisom Přítel SSSR. Od r. 1955 prevzal aj náplň časopisu SSSR v boji za mier | ||
| 610 | 2 | 7 | |a Zväz československo-sovietskeho priateľstva |2 SNKBUDS |9 188740 |
| 650 | 0 | 7 | |a spolky |2 SNKPH |9 4725 |
| 655 | 7 | |a časopisy spolkov a záujmových skupín |2 SNKBUDS |9 272834 | |
| 655 | 7 | |a spolkové časopisy |2 SNKBUDS |9 269233 | |
| 700 | 1 | |a Falťan, Samuel, |d 1920-1991 |4 pbd |9 225689 | |
| 700 | 1 | |a Hozák, Július |4 pbd |9 272835 | |
| 700 | 1 | |a Bošanský, Michal |4 pbd |9 272836 | |
| 700 | 1 | |a Caban, Ernest, |d 1924-2000 |4 pbd |9 242093 | |
| 700 | 1 | |a Kapec, Matúš |4 pbd |9 272837 | |
| 700 | 1 | |a Hrčka, Jozef, |d 1930- |4 pbd |9 249116 | |
| 700 | 1 | |a Putra, Andrej |4 pbd |9 270377 | |
| 700 | 1 | |a Kypus, Emil |4 pbd |9 272838 | |
| 710 | 2 | |a Zväz československo-sovietskeho priateľstva. |b Slovenský ústredný výbor |9 188741 | |
| 710 | 2 | |a Tlačiarenské závody Pravda (Bratislava, Slovensko). |b Závod Žilina |4 prt |4 prt |9 228868 | |
| 710 | 2 | |a Osveta (vydavateľstvo : Martin, Slovensko) |9 57502 | |
| 710 | 2 | |a Knižné závody, n.p. (Bratislava) |e tlač. |9 271835 | |
| 710 | 2 | |a Polygrafické závody (Bratislava, Slovensko) |9 157291 | |
| 770 | 0 | |t Kultúrne večery československo-sovietskeho priateľstva | |
| 780 | 0 | 0 | |t Zvesti Sväzu priateľov SSSR na Slovensku |
| 785 | 0 | 2 | |t SSSR v boji za mier |
| 785 | 0 | 7 | |t Přítel SSSR |
| 852 | |a SNK |b 10000 |h ČSC 4705 | ||
| 852 | |a UKB |b 300000 |h SD 4686 | ||
| 852 | |a SVKKK |b 900000 |h B 92 | ||
| 852 | |a UKB |b 300000 |h 20 D 2896 | ||
| 999 | |c 8772 |d 10702 | ||


